Flora of Gorumara National Park: (Record no. 183103)

MARC details
000 -LEADER
fixed length control field 00642 a2200181 4500
005 - DATE AND TIME OF LATEST TRANSACTION
control field 20211216125854.0
010 ## - LCCN (DPL NO)
LC control number ENG-130373
020 ## - INTERNATIONAL STANDARD BOOK NUMBER
Terms of availability 452.00
International Standard Book Number 978-81-945229-6-6
035 ## - SYSTEM CONTROL NUMBER
System control number EN-113905
037 ## - SOURCE OF ACQUISITION
Source of stock number/acquisition DBAD / PUB
082 ## - DEWEY DECIMAL CLASSIFICATION NUMBER
Classification number 595.789095414
100 ## - MAIN ENTRY--PERSONAL NAME
Personal name Ranjan, Vinay
245 ## - TITLE STATEMENT
Title Flora of Gorumara National Park:
Statement of responsibility, etc Vinay Ranjan, Anant Kumar
260 ## - PUBLICATION, DISTRIBUTION, ETC. (IMPRINT)
Name of publisher, distributor, etc The Director Botanical Survey of India
Place of publication, distribution, etc Kolkata
Date of publication, distribution, etc 2020
270 ## - ADDRESS
City Kolkata
Address CGO Complex, 3rd MSO Building Block-F, 5th & 6th Floor, DF-Block Sector-I, Salt Lake City
Postal code 700064
300 ## - PHYSICAL DESCRIPTION
Extent 127p.
Dimensions 24cm (hbk)
942 ## - ADDED ENTRY ELEMENTS (KOHA)
Institution code [OBSOLETE] dpl
Item type English Books
Source of classification or shelving scheme Dewey Decimal Classification
Classification part 595.789095414
Call number suffix RAN
Holdings
Withdrawn status Lost status Not for loan Collection code Home library Current library Date acquired Source of acquisition Cost, normal purchase price Full call number Barcode Copy number Cost, replacement price Koha item type
      Non-fiction Shahdara Branch Shahdara Branch 16/12/2021 DBAD/PUB 452.00 595.789095414 RAN EN-113905 1 452.00 English Books

© Delhi Public Library
Hit Counter
free hit counter